Exportní financování jako bankovní produkt
Exportné financovanie - komplexný servis banky klientom. Základné produkty exportného financovania: dodávateľský úver, odberateľský úver. Poistenie dodávateľských a odberateľských úverov. Štandardizácia a zjednotenie podmienok.
Na minha lista:
| Autor principal: | |
|---|---|
| Formato: | Capítulo de Livro |
| Idioma: | tcheco |
| Assuntos: | |
| Tags: |
Sem tags, seja o primeiro a adicionar uma tag!
|
MARC
| LEADER | 00000naa a2200000 4500 | ||
|---|---|---|---|
| 001 | r045682 | ||
| 005 | 20231004072735.0 | ||
| 041 | 0 | |a cze | |
| 044 | |a CZ | ||
| 245 | 1 | 0 | |a Exportní financování jako bankovní produkt |c Jiří Pohanka |
| 520 | |a Exportné financovanie - komplexný servis banky klientom. Základné produkty exportného financovania: dodávateľský úver, odberateľský úver. Poistenie dodávateľských a odberateľských úverov. Štandardizácia a zjednotenie podmienok. | ||
| 610 | 2 | 0 | |a financovanie |
| 610 | 2 | 0 | |a vývoz |
| 610 | 2 | 0 | |a banky |
| 610 | 2 | 0 | |a produkty |
| 610 | 2 | 0 | |a poistenie |
| 610 | 2 | 0 | |a úver |
| 610 | 2 | 0 | |a štandardizácia |
| 100 | 1 | |a Pohanka, Jiří | |